countries by partial flag images - Statistics

General Stats
  • This quiz has been taken 25 times
    17 since last reset
  • The average score is 18 of 20
Answer Stats
Picture Answer % Correct
Bangladesh
100%
Canada
100%
India
100%
Mongolia
100%
USA
100%
argentina
94%
bosnia and herzegovina
94%
brazil
94%
China
94%
greece
94%
morocco
94%
United kingdom
94%
fiji
88%
Kosovo
88%
New Zealand
88%
North korea
88%
palau
88%
saint lucia
88%
Saint VIncent And The Grenadines
81%
denmark
75%
No matching quizzes found
Score Distribution
Percent of People with Each Score
Percentile by Number Answered
Your Score History
You have not taken this quiz since the last reset